00285nam a2200097Ia 4500008004100000100001700041245004500058245001900103260000900122856005600131160531s9999 xx 000 0 und d aRauche, G.A. 2aA Student's Key to Ancient Greek Thought cby G.A. Rauche c2015 uhttp://www.smashwords.com/books/notPublished/520355